01980nam a2200217Ia 4500008004100000020001500041050002200056100003900078245009700117250003100214260003500245300001900280336001000299337001400309338001200323500017800335505115100513650003601664650003301700650002901733120625s2002 mx 001 0 spa d a970072171X 4aKGF480 bG35 20021 aGalindo Garfias, Ignacioe, autor.10aDerecho civil b: primer curso, parte general, personas, familiac/ Ignacio Galindo Garfias a21a ed., puésta al día3 aMéxico b: Porrúac, 2002. a790 páginas. aTexto aSin medio aVolumen aIncluye índice alfabético de materias (pp. 753-763) Incluye índice autores citados (pp. 765-767) Incluye índice de preceptos legales citados en el texto (pp.769-779)1 aLibro primero:Parte general El derecho en general Las fuentes del derecho Clasificación del derecho El derecho civil La legislación Conflictos de leyes en el espacio Conflictos de leyes en el tiempo Interpretación e integración de la laey Hechos y actos jurídicos La voluntad y el objeto La onvalidez de actos jurídicos La ampliación judicial del derecho Libro segundo: El derecho de la persona La persona física Los derechos de la personalidad la personalidad moral El nombre de la persona Domicilio y ausencia El estado y la capacidad de las personas La emancipación y la mayoria de edad El registro civil Libro tercero: Derecho de la familia La familia El parentesco Los alimentos El matrimonio y los esponsables el concubinato Requistos para contraer matrimonio. Los impedimentos La celebración del matrimonio La invalidez del matrimonio La nulidad y la ilicitud del matrimonio El estado de matrimonio Efectos del matrimonio con relación a los bienes Divorcio Filiación: A) Los hijos de matrimonio Filiación: B) Los hijos nacidos fuera del matrimonio La adopción Patria potestad La tutela Patrimonio de familia14aRELACIONES FAMILIARESzMÉXICO20aPERSONAS (DERECHO)zMÉXICO24aDERECHO CIVIL zMÉXICO